"La déclaration de Vienne" du 25 juin 1993 : (Conférence mondiale sur les droits de l'homme) : et ses suites.
Saved in:
| Corporate Author: | |
|---|---|
| Format: | Book |
| Language: | French |
| Published: |
Genève :
Nord-Sud XXI,
[1994]
|
| Series: | Cahiers de Nord-Sud XXI ;
no 6. |
| Subjects: | |
| Tags: |
Add Tag
No Tags, Be the first to tag this record!
|
| LEADER | 00803cam a2200229Ia 4500 | ||
|---|---|---|---|
| 001 | 008564146-4 | ||
| 005 | 20120531103155.0 | ||
| 008 | 971119s1994 sz 000 0 fre d | ||
| 035 | 0 | |a ocm81562707 | |
| 040 | |a SLB |c SZ9XM |d TEF |d HVL | ||
| 050 | 4 | |a K3241 |b .D43x 1994 | |
| 245 | 0 | 4 | |a "La déclaration de Vienne" du 25 juin 1993 : |b (Conférence mondiale sur les droits de l'homme) : et ses suites. |
| 260 | |a Genève : |b Nord-Sud XXI, |c [1994] | ||
| 300 | |a 14 p. ; |c 30 cm. | ||
| 490 | 1 | |a Les cahiers de Nord-Sud XXI ; |v no 6 | |
| 611 | 2 | 0 | |a United Nations World Conference on Human Rights |n (2nd : |d 1993 : |c Vienna, Austria) |
| 650 | 0 | |a Human rights. | |
| 650 | 0 | |a Human rights |x International cooperation. | |
| 710 | 2 | |a Nord-Sud XXI. | |
| 830 | 0 | |a Cahiers de Nord-Sud XXI ; |v no 6. | |
| 988 | |a 20020608 | ||
| 906 | |0 OCLC | ||


